The marriage manual: (Record no. 14616)

000 -LEADER
fixed length control field 00726nam a2200217 a 4500
001 - CONTROL NUMBER
control field :::00012448$&:&@@
003 - CONTROL NUMBER IDENTIFIER
control field OkBaRHE
005 - DATE AND TIME OF LATEST TRANSACTION
control field 20000607103419.0
008 - FIXED-LENGTH DATA ELEMENTS--GENERAL INFORMATION
fixed length control field s1980 j 000 0 eng u
020 ## - INTERNATIONAL STANDARD BOOK NUMBER
International Standard Book Number 0889650381
040 ## - CATALOGING SOURCE
Transcribing agency
040 ## - CATALOGING SOURCE
Original cataloging agency CaOONL
100 1# - MAIN ENTRY--PERSONAL NAME
Personal name Cuthbertson, Duane, 1936-
245 14 - TITLE STATEMENT
Title The marriage manual:
Remainder of title ten checkpoints for peak performance.
260 ## - PUBLICATION, DISTRIBUTION, ETC. (IMPRINT)
Place of publication, distribution, etc Beaverlodge, Alberta, CAN., :
Name of publisher, distributor, etc Horizon House
Date of publication, distribution, etc c1980
300 ## - PHYSICAL DESCRIPTION
Extent 180 p. ;
Dimensions 21 cm.
650 ## - SUBJECT ADDED ENTRY--TOPICAL TERM
Topical term or geographic name as entry element Marriage
942 ## - ADDED ENTRY ELEMENTS (KOHA)
Source of classification or shelving scheme
Koha item type Books
Copies
Full call number Lost status Copy number Price effective from Source of classification or shelving scheme Not for loan Withdrawn status Date acquired Shelving location Damaged status Permanent Location Barcode Koha item type Date last seen
HQ 734 .C8 12010-04-14   2010-04-14General Stacks RHEMA Bible Training College12448Books2010-04-14
HQ 734 .C8 22010-04-14   2010-04-14General Stacks RHEMA Bible Training College20021Books2010-04-14